Parteivorsitzende der AfD - Statistiken

Allgemein
  • Dieses Quiz wurde 62 mal gespielt
  • Das Durchschnittsergebnis liegt bei 5 aus 7
Antwortstatistiken
Hint Antwort % Korrekt
seit 2022 Alice Weidel
100%
seit 2019 Tino Chrupalla
84%
2017-2019 Alexander Gauland
75%
2013-2017 Frauke Petry
75%
2013-2015 Bernd Lucke
64%
2015-2022 Jörg Meuthen
53%
2013-2015 Konrad Adam
11%
Keine übereinstimmenden Quizze gefunden
Verteilung der Resultate
Anzahl Personen mit jedem Resultat
Perzentil nach korrekt beantworteten Fragen
Ihre Resultats-Entwicklung
Sie haben dieses Quiz noch nicht gespielt